London Termini by Operator - Statistics

General Stats
  • This quiz has been taken 9 times
  • The average score is 9 of 14
Answer Stats
National Rail Services Answer % Correct
Elizabeth Line (-->), Great Western Railway, Heathrow Express Paddington
86%
Caledonian Sleeper, London Northwestern Railway, Avanti West Coast, London Overground Euston
71%
C2C Fenchurch Street
71%
Southeastern (-->), Thameslink (-->), Southern London Bridge
71%
East Midlands Railway, Thameslink (-->), Eurostar, Southeastern St Pancras
71%
Southern, Gatwick Express, Southeastern, Thameslink Victoria
71%
Thameslink (-->), Southeastern Blackfriars
57%
Southeastern (West End) Charing Cross
57%
Thameslink, Lumo, London Northeastern Railway, Grand Central, Hull Trains, Great Northern King's Cross
57%
Stansted Express, London Overground, Greater Anglia, Elizabeth Line (-->), C2C Liverpool Street
57%
Chiltern Railways Marylebone
57%
Southeastern (City of London) Cannon Street
43%
Great Northern Moorgate
43%
South Western Railway Waterloo
43%
No matching quizzes found
Score Distribution
Percent of People with Each Score
Percentile by Number Answered
Your Score History
You have not taken this quiz